Les chanteurs et les animateurs de l'Ecole des Fans - Statistiques

Statistiques générales
  • Ce quiz a été pris 39 fois
  • Le résultat moyen est 84 sur 162
Statistiques - réponses
Par images Hint Réponse % Correct
D Dalida
93%
FG France Gall
93%
AB Amel Bent
90%
CA Charles Aznavour
90%
CF Claude François
90%
GM Gilbert Montagné
90%
PB Patrick Bruel
90%
AS Alain Souchon
86%
AC Annie Cordy
86%
FP Florent Pagny
86%
LF Lara Fabian
86%
ML Marc Lavoine
86%
MS Michel Sardou
86%
PF Patrick Fiori
86%
Z Zaz
86%
DB Daniel Balavoine
83%
EM Eddy Mitchell
83%
EM Emmanuel Moire
83%
JC Julien Clerc
83%
MP Matt Pokora
83%
MY Michaël Youn
83%
PO Pascal Obispo
83%
PS - Animateur Patrick Sébastien
83%
R Renaud
83%
S Sheila
83%
A Anggun
79%
CG Chantal Goya
79%
ES Elie Semoun
79%
G Grégoire
79%
JD Joe Dassin
79%
PK Patricia Kaas
79%
VP Vanessa Paradis
79%
VS Véronique Sanson
79%
DB Dany Brillant
76%
HS Hélène Ségara
76%
HA Hugues Aufray
76%
LF Liane Foly
76%
L Lio
76%
L Lorie
76%
S Shy'm
76%
DG Daniel Guichard
72%
D Dorothée
72%
EM Enrico Macias
72%
M Maurane
72%
MF Michel Fugain
72%
MM Mireille Mathieu
72%
N Nicoletta
72%
PP Pierre Perret
72%
C Carlos
69%
CB Chimène Badi
69%
CK Claire Keim
69%
HS Henri Salvador
69%
JP Julie Piétri
69%
KO Kamel Ouali
69%
L Lââm
69%
LF La Fouine
69%
NSP Natasha St-Pier
69%
SL Serge Lama
69%
AK Anthony Kavanagh
66%
AD Arielle Dombasle
66%
F Faudel
66%
JM - Animateur Jacques Martin
66%
PB Pierre Bachelet
66%
SV Sylvie Vartan
66%
T Tal
66%
D Dave
62%
GL Gérard Lenormand
62%
JJ Joyce Jonathan
62%
JI Julio Iglésias
62%
MG Michael Gregorio
62%
VN Vincent Niclo
62%
CJ C. Jérôme
59%
DR Dick Rivers
59%
FF François Feldman
59%
NM Nana Mouskouri
59%
PJ Patrick Juvet
59%
PR - Animateur Philippe Risoli
59%
PB Plastic Bertrand
59%
Z Zaho
59%
DL Daniel Lavoie
55%
HL Herbert Léonard
55%
J Jordy
55%
MD Michel Delpech
55%
MT Michèle Torr
55%
CB Claude Barzotti
52%
GB Gilbert Bécaud
52%
IEUF Il était une fois
52%
JCB - Animateur Jean-Claude Brialy
52%
SE Sofia Essaidi
52%
WR - Animateur Willy Rovelli
52%
YD Yves Duteil
52%
AC Alain Chamfort
48%
AV Amaury Vassili
48%
AR Axelle Red
48%
HV Hervé Vilard
48%
SD Sacha Distel
48%
FV François Valéry
45%
JM Jeane Manson
45%
RV Roch Voisine
45%
SL Sheryfa Luna
45%
YH Yvette Horner
45%
C Corneille
41%
GB Guy Béart
41%
MS (groupe) Magic System
41%
M Mireille
41%
NC Nicole Croisille
41%
RZ Rika Zaraï
41%
TR Tino Rossi
41%
Y Yannick
41%
ET Elisa Tovati
38%
HD Henri Dès
38%
KC Karen Chéryl
38%
KF Kenza Farah
38%
L Larusso
38%
N Nadiya
38%
OM Ophélie Meunier
38%
R Ringo
38%
SA Salvator Adamo
38%
AB Alain Barrière
34%
DA Dove Attia
34%
JL Jena Lee
34%
LJ Louisy Joseph
34%
PL Philippe Lavil
34%
AV André Verchuren
31%
MPB Marie-Paule Belle
31%
MS Mort Shuman
31%
P Passi
31%
PC Pétula Clark
31%
Y Ycare
31%
EC Eric Charden
28%
FM Florent Mothe
28%
A Aimable
24%
CM Collectif Métissé
24%
MM Mickaël Miro
24%
NP Nicolas Peyrac
24%
P Pauline
24%
RA Richard Anthony
24%
HF Helmut Fritz
21%
F Féfé
17%
PC Philippe Chatel
17%
AB Amandine Bourgeois
14%
CR Colonel Reyel
14%
CC Cécilia Cara
10%
IM Inna Modja
10%
JB Joël Bats
10%
LV Les Vagabonds
10%
LB Leslie Bourgouin
7%
TF Tom Frager
7%
AREB Abdel Rahman El Bacha
3%
BS Bernard Soustrot
3%
DB David Ban
3%
JD Julien Dassin
3%
MN Marielle Nordmann
3%
MA Maurice André
3%
MB Michel Beroff
3%
GT Gabriel Tacchino
0%
GT Guy Touvron
0%
IS Isaac Stern
0%
IG Ivry Gitlis
0%
JPC Jean-Philippe Collard
0%
JPR Jean-Pierre Rampal
0%
PF Patrick Fontanarosa
0%
Aucun quiz correspondant
Distribution des résultats
% des personnes avec chaque résultat
Percentile par nombre de réponses
Votre historique - résultats
Vous n’avez pas pris ce quiz